| 000 | 00743nam a2200217 a 4500 | ||
|---|---|---|---|
| 008 | 081021s2000 ||||||||||||||||| || u | ||
| 020 | _a0821346687 | ||
| 050 | _aIBRD(08)TP | ||
| 100 | _aRand, T | ||
| 245 | 1 | 0 | _aMunicipal solid waste incineration: requirements for a successful project |
| 260 |
_aWashington, D. C. _bWorld Bank _c2000 |
||
| 300 | _aviii, 103p. : ill. | ||
| 350 | _a0.00 | ||
| 490 | _aWorld Bank Technical Papers | ||
| 650 | _aSOLID WASTE MANAGEMENT | ||
| 650 | _aINCINERATION | ||
| 700 | _aMarxen, U | ||
| 700 | _aHaukohl, J | ||
| 710 | _aWorld Bank | ||
| 995 |
_D0.00 _FCBU-MAIN LIBRARY (Kitwe) _H1 _I0.00 _M462 _UAVAILABLE _WOct 21, 2008 _ZInternational Publications |
||
| 999 |
_c51820 _d51820 |
||